000
00285 a2200109 4500
001
ART_38810
005
20260410161628.0
008
260409a
245
1
0
_a
Novedades IFRS
100
1
_a
García Fronti, Inés M.
773
0
_t
Enfoques
_g
- Nº 5 (mayo 2016)
_w
REV416
999
_c
12156
_d
12156